000 00739nam a2200205Ia 4500
003 GCL
008 140319s9999 xx 000 0 ara d
040 _aGCL /
_cGCL
082 0 4 _a811.2
_bر ف
100 1 _aرجاء السيد الجوهرى
245 1 0 _aفنان البديع الشاعر ابراهيم بن هرمة القرشى /
_cرجاء السيد الجوهرى
700 1 _aابوهرمه، ابواسحاق بن على
260 _a[S.N] :
_bمنشاة المعارف الاسلامية ،
_c1988
300 _a361 ص
490 _aكتاب البلاغة والادب والنفد
_v0
650 0 4 _aالشعر العربى
650 0 4 _aالادب العربى
650 0 4 _aتاريخ ونقد
942 _2ddc
_cBK
999 _c32556
_d32556